Learning theory and classroom practice in the lifelong learning sector/ (Record no. 98988)

MARC details
000 -LEADER
fixed length control field 00924nam a22002777a 4500
003 - CONTROL NUMBER IDENTIFIER
control field URS
005 - DATE AND TIME OF LATEST TRANSACTION
control field 20260310170941.0
008 - FIXED-LENGTH DATA ELEMENTS--GENERAL INFORMATION
fixed length control field 260310b |||||||| |||| 00| 0 eng d
020 ## - INTERNATIONAL STANDARD BOOK NUMBER
International Standard Book Number 9780857258779 (hbk)
020 ## - INTERNATIONAL STANDARD BOOK NUMBER
International Standard Book Number 9780857258175 (pbk)
040 ## - CATALOGING SOURCE
Original cataloging agency DLC
Language of cataloging eng
Transcribing agency DLC
Modifying agency URS
Description conventions rda
050 ## - LIBRARY OF CONGRESS CALL NUMBER
Classification number LB 1025.3
Item number .G73 2012
100 ## - MAIN ENTRY--PERSONAL NAME
Personal name Gould, Jim
245 ## - TITLE STATEMENT
Title Learning theory and classroom practice in the lifelong learning sector/
Statement of responsibility, etc. Jim Gould.-
250 ## - EDITION STATEMENT
Edition statement second edition-
264 ## - PRODUCTION, PUBLICATION, DISTRIBUTION, MANUFACTURE, AND COPYRIGHT NOTICE
Place of production, publication, distribution, manufacture Los Angeles:
Name of producer, publisher, distributor, manufacturer SAGE,
Date of production, publication, distribution, manufacture, or copyright notice 2012.
300 ## - PHYSICAL DESCRIPTION
Extent vii, 168 pages:
Other physical details illustrations;
Dimensions 26 centimeters
336 ## - CONTENT TYPE
Source rdacontent
Content type term text
Content type code txt
337 ## - MEDIA TYPE
Source rdamedia
Media type term unmediated
Media type code n
338 ## - CARRIER TYPE
Source rdacarrier
Carrier type term volume
Carrier type code nc
500 ## - GENERAL NOTE
General note Includes glossary and index.
504 ## - BIBLIOGRAPHY, ETC. NOTE
Bibliography, etc. note Includes references.
650 ## - SUBJECT ADDED ENTRY--TOPICAL TERM
Source of heading or term Teaching and learning
650 ## - SUBJECT ADDED ENTRY--TOPICAL TERM
Source of heading or term Effective teaching
942 ## - ADDED ENTRY ELEMENTS (KOHA)
Source of classification or shelving scheme Library of Congress Classification
Koha item type Foreign Books
Edition second edition
Classification part LB 1025.3
Item part .G73 2012
Holdings
Withdrawn status Source of classification or shelving scheme Damaged status Not for loan Home library Current library Shelving location Date acquired Total Checkouts Full call number Barcode Date last seen Copy number Price effective from Koha item type
  Library of Congress Classification     Angono College Library Angono College Library Foreign Section 03/10/2026   LB 1025.3 .G73 2012 URSANG-2607 03/10/2026 1 03/10/2026 Foreign Books
  Library of Congress Classification     Angono College Library Angono College Library Foreign Section 03/10/2026   LB 1025.3 .G73 2012 URSANG-2608 03/10/2026 2 03/10/2026 Foreign Books

University of Rizal System
Email us at univlibservices@urs.edu.ph

Visit our Website www.urs.edu.ph/library